<?xml version="1.0" encoding="UTF-8"?>
<record
    xmlns:xsi="http://www.w3.org/2001/XMLSchema-instance"
    xsi:schemaLocation="http://www.loc.gov/MARC21/slim http://www.loc.gov/standards/marcxml/schema/MARC21slim.xsd"
    xmlns="http://www.loc.gov/MARC21/slim">

  <leader>00339nam a2200145Ia 4500</leader>
  <controlfield tag="008">191201s2013    xx            000 0 und d</controlfield>
  <datafield tag="082" ind1=" " ind2=" ">
    <subfield code="a">658.87</subfield>
    <subfield code="b">PRR</subfield>
  </datafield>
  <datafield tag="100" ind1=" " ind2=" ">
    <subfield code="a">PRADHAN, Swapna</subfield>
  </datafield>
  <datafield tag="245" ind1=" " ind2="0">
    <subfield code="a">Retailing Management: Text and Cases</subfield>
  </datafield>
  <datafield tag="250" ind1=" " ind2=" ">
    <subfield code="a">rep</subfield>
  </datafield>
  <datafield tag="260" ind1=" " ind2=" ">
    <subfield code="a">N. Delhi</subfield>
    <subfield code="b">TMH</subfield>
    <subfield code="c">2013</subfield>
  </datafield>
  <datafield tag="300" ind1=" " ind2=" ">
    <subfield code="a">711</subfield>
  </datafield>
  <datafield tag="650" ind1=" " ind2=" ">
    <subfield code="a">BBA</subfield>
  </datafield>
  <datafield tag="942" ind1=" " ind2=" ">
    <subfield code="2">ddc</subfield>
    <subfield code="c">BK</subfield>
  </datafield>
  <datafield tag="999" ind1=" " ind2=" ">
    <subfield code="c">5788</subfield>
    <subfield code="d">5788</subfield>
  </datafield>
  <datafield tag="952" ind1=" " ind2=" ">
    <subfield code="0">0</subfield>
    <subfield code="1">0</subfield>
    <subfield code="2">ddc</subfield>
    <subfield code="4">0</subfield>
    <subfield code="7">0</subfield>
    <subfield code="8">BBA</subfield>
    <subfield code="a">PIET</subfield>
    <subfield code="b">PIET</subfield>
    <subfield code="d">2013-11-28</subfield>
    <subfield code="e">IBH, New Delhi</subfield>
    <subfield code="g">510.00</subfield>
    <subfield code="k">15735</subfield>
    <subfield code="l">0</subfield>
    <subfield code="o">658.87 PRR</subfield>
    <subfield code="p">22918</subfield>
    <subfield code="r">2019-12-04 00:00:00</subfield>
    <subfield code="w">2013-10-26</subfield>
    <subfield code="y">BK</subfield>
  </datafield>
  <datafield tag="952" ind1=" " ind2=" ">
    <subfield code="0">0</subfield>
    <subfield code="1">0</subfield>
    <subfield code="2">ddc</subfield>
    <subfield code="4">0</subfield>
    <subfield code="7">0</subfield>
    <subfield code="8">BBA</subfield>
    <subfield code="a">PIET</subfield>
    <subfield code="b">PIET</subfield>
    <subfield code="d">2013-11-28</subfield>
    <subfield code="e">IBH, New Delhi</subfield>
    <subfield code="g">510.00</subfield>
    <subfield code="k">15735</subfield>
    <subfield code="l">0</subfield>
    <subfield code="o">658.87 PRR</subfield>
    <subfield code="p">22919</subfield>
    <subfield code="r">2019-12-04 00:00:00</subfield>
    <subfield code="w">2013-10-26</subfield>
    <subfield code="y">BK</subfield>
  </datafield>
  <datafield tag="952" ind1=" " ind2=" ">
    <subfield code="0">0</subfield>
    <subfield code="1">0</subfield>
    <subfield code="2">ddc</subfield>
    <subfield code="4">0</subfield>
    <subfield code="7">0</subfield>
    <subfield code="8">BBA</subfield>
    <subfield code="a">PIET</subfield>
    <subfield code="b">PIET</subfield>
    <subfield code="d">2013-11-28</subfield>
    <subfield code="e">IBH, New Delhi</subfield>
    <subfield code="g">510.00</subfield>
    <subfield code="k">15735</subfield>
    <subfield code="l">0</subfield>
    <subfield code="o">658.87 PRR</subfield>
    <subfield code="p">22920</subfield>
    <subfield code="r">2019-12-04 00:00:00</subfield>
    <subfield code="w">2013-10-26</subfield>
    <subfield code="y">BK</subfield>
  </datafield>
  <datafield tag="952" ind1=" " ind2=" ">
    <subfield code="0">0</subfield>
    <subfield code="1">0</subfield>
    <subfield code="2">ddc</subfield>
    <subfield code="4">0</subfield>
    <subfield code="7">0</subfield>
    <subfield code="8">BBA</subfield>
    <subfield code="a">PIET</subfield>
    <subfield code="b">PIET</subfield>
    <subfield code="d">2013-11-28</subfield>
    <subfield code="e">IBH, New Delhi</subfield>
    <subfield code="g">510.00</subfield>
    <subfield code="k">15735</subfield>
    <subfield code="l">0</subfield>
    <subfield code="o">658.87 PRR</subfield>
    <subfield code="p">22921</subfield>
    <subfield code="r">2022-11-23 00:00:00</subfield>
    <subfield code="w">2013-10-26</subfield>
    <subfield code="y">BK</subfield>
  </datafield>
  <datafield tag="952" ind1=" " ind2=" ">
    <subfield code="0">0</subfield>
    <subfield code="1">0</subfield>
    <subfield code="2">ddc</subfield>
    <subfield code="4">0</subfield>
    <subfield code="7">0</subfield>
    <subfield code="8">BBA</subfield>
    <subfield code="a">PIET</subfield>
    <subfield code="b">PIET</subfield>
    <subfield code="d">2013-11-28</subfield>
    <subfield code="e">IBH, New Delhi</subfield>
    <subfield code="g">510.00</subfield>
    <subfield code="k">15735</subfield>
    <subfield code="l">0</subfield>
    <subfield code="o">658.87 PRR</subfield>
    <subfield code="p">22922</subfield>
    <subfield code="r">2019-12-04 00:00:00</subfield>
    <subfield code="w">2013-10-26</subfield>
    <subfield code="y">BK</subfield>
  </datafield>
  <datafield tag="952" ind1=" " ind2=" ">
    <subfield code="0">0</subfield>
    <subfield code="1">0</subfield>
    <subfield code="2">ddc</subfield>
    <subfield code="4">0</subfield>
    <subfield code="7">0</subfield>
    <subfield code="8">BBA</subfield>
    <subfield code="a">PIET</subfield>
    <subfield code="b">PIET</subfield>
    <subfield code="d">2013-11-28</subfield>
    <subfield code="e">IBH, New Delhi</subfield>
    <subfield code="g">510.00</subfield>
    <subfield code="k">15735</subfield>
    <subfield code="l">0</subfield>
    <subfield code="o">658.87 PRR</subfield>
    <subfield code="p">22923</subfield>
    <subfield code="r">2019-12-04 00:00:00</subfield>
    <subfield code="w">2013-10-26</subfield>
    <subfield code="y">BK</subfield>
  </datafield>
  <datafield tag="952" ind1=" " ind2=" ">
    <subfield code="0">0</subfield>
    <subfield code="1">0</subfield>
    <subfield code="2">ddc</subfield>
    <subfield code="4">0</subfield>
    <subfield code="7">0</subfield>
    <subfield code="8">BBA</subfield>
    <subfield code="a">PIET</subfield>
    <subfield code="b">PIET</subfield>
    <subfield code="d">2013-11-28</subfield>
    <subfield code="e">IBH, New Delhi</subfield>
    <subfield code="g">510.00</subfield>
    <subfield code="k">15735</subfield>
    <subfield code="l">0</subfield>
    <subfield code="o">658.87 PRR</subfield>
    <subfield code="p">22924</subfield>
    <subfield code="r">2019-12-04 00:00:00</subfield>
    <subfield code="w">2013-10-26</subfield>
    <subfield code="y">BK</subfield>
  </datafield>
  <datafield tag="952" ind1=" " ind2=" ">
    <subfield code="0">0</subfield>
    <subfield code="1">0</subfield>
    <subfield code="2">ddc</subfield>
    <subfield code="4">0</subfield>
    <subfield code="7">0</subfield>
    <subfield code="8">BBA</subfield>
    <subfield code="a">PIET</subfield>
    <subfield code="b">PIET</subfield>
    <subfield code="d">2013-11-28</subfield>
    <subfield code="e">IBH, New Delhi</subfield>
    <subfield code="g">510.00</subfield>
    <subfield code="k">15735</subfield>
    <subfield code="l">3</subfield>
    <subfield code="o">658.87 PRR</subfield>
    <subfield code="p">22925</subfield>
    <subfield code="r">2025-02-08 00:00:00</subfield>
    <subfield code="s">2024-01-13</subfield>
    <subfield code="w">2013-10-26</subfield>
    <subfield code="y">BK</subfield>
  </datafield>
  <datafield tag="952" ind1=" " ind2=" ">
    <subfield code="0">0</subfield>
    <subfield code="1">0</subfield>
    <subfield code="2">ddc</subfield>
    <subfield code="4">0</subfield>
    <subfield code="7">0</subfield>
    <subfield code="8">BBA</subfield>
    <subfield code="a">PIET</subfield>
    <subfield code="b">PIET</subfield>
    <subfield code="d">2013-11-28</subfield>
    <subfield code="e">IBH, New Delhi</subfield>
    <subfield code="g">510.00</subfield>
    <subfield code="k">15735</subfield>
    <subfield code="l">0</subfield>
    <subfield code="o">658.87 PRR</subfield>
    <subfield code="p">22926</subfield>
    <subfield code="r">2019-12-04 00:00:00</subfield>
    <subfield code="w">2013-10-26</subfield>
    <subfield code="y">BK</subfield>
  </datafield>
  <datafield tag="952" ind1=" " ind2=" ">
    <subfield code="0">0</subfield>
    <subfield code="1">0</subfield>
    <subfield code="2">ddc</subfield>
    <subfield code="4">0</subfield>
    <subfield code="7">0</subfield>
    <subfield code="8">BBA</subfield>
    <subfield code="a">PIET</subfield>
    <subfield code="b">PIET</subfield>
    <subfield code="d">2013-11-28</subfield>
    <subfield code="e">IBH, New Delhi</subfield>
    <subfield code="g">510.00</subfield>
    <subfield code="k">15735</subfield>
    <subfield code="l">2</subfield>
    <subfield code="o">658.87 PRR</subfield>
    <subfield code="p">22927</subfield>
    <subfield code="r">2024-11-14 00:00:00</subfield>
    <subfield code="s">2024-11-12</subfield>
    <subfield code="w">2013-10-26</subfield>
    <subfield code="y">BK</subfield>
  </datafield>
</record>
